[Event "FRA-ch Veterans"]
[Site "Nantes"]
[Date "1993.08.26"]
[Round "9"]
[White "Rouxel, Rene"]
[Black "Peroz, Jacques"]
[Result "1/2-1/2"]
[WhiteElo "1790"]
[BlackElo "1870"]
[PlyCount "46"]
[EventDate "1993.08.17"]
[EventType "swiss"]
[EventRounds "11"]
[EventCountry "FRA"]
[SourceTitle "EXT 2005"]
[Source "ChessBase"]
[SourceDate "2004.11.15"]
[SourceVersion "1"]
[SourceVersionDate "2004.11.15"]
[SourceQuality "1"]

1. e4 c6 2. d4 d5 3. Nc3 dxe4 4. Nxe4 Bf5 5. Ng3 Bg6 6. N1e2 e6 7. Nf4 Bd6 8. h4 Bxf4 9. Bxf4 h6 10. h5 Bh7 11. Bc4 Nf6 12. 0-0 Nbd7 13. Bb3 0-0 14. c4 Ne4 15. Nxe4 Bxe4 16. Re1 Bh7 17. g3 Nf6 18. Be5 Re8 19. Qf3 Nd7 20. Bf4 Nf6 21. Rad1 Bf5 22. Qh1 Qa5 23. f3 b5 1/2-1/2